000 01108cam a22002174a 4500
005 20250605164212.0
008 250528s ||||||||||||||||||||||||d
035 _a20313
020 _a273620525
040 _aGR-AtMCL
_bgre
_dGR-AtMCL
_eAACR2
245 1 _aResearch Methods for Leisure and Tourism / A Practical Guide
250 _a2nd
260 _c1997
300 _a320
520 _aThe above book is an essential reading for all students and leisure managers evaluating and planning the services they offer. Introduction: the What and Why and Who of Leisure and Tourism Research, Approaches to Leisure and Tourism Research, Starting Out: Research Plans and Proposals, The Range of Research Methods, Reviewing the Literature, Secondary Data: Sources and Analysis, Observation, Qualitative Methods, Questionnaire Surveys, Questionnaire Design, Research Practice, Sampling, Survey Analysis, Statistical Analysis, Preparing a Research Report.
700 1 _aVeal A.J
_93095
942 _cBK
710 2 _aInstitute Of Leisure And Amenity Management
_99791
999 _c5435
_d5435